| 000 | 01449nab a2200241 i 4500 | ||
|---|---|---|---|
| 001 | BPP | ||
| 003 | BPK | ||
| 005 | 20190610114405.0 | ||
| 008 | 140425s1983 pl f |000 0 pol | ||
| 040 | _cBPK | ||
| 080 | _a621.921 | ||
| 080 | _a666 | ||
| 100 |
_aWOŹNIAK, Kazimierz. _d1980 - 1989. _bWyższa Szkoła Inżynierska w Koszalinie - Instytut Inżynierii Materiałowej, _cZakład Chemii Fizycznej |
||
| 245 |
_aPodstawy technologii wytwarzania ściernic ceramicznych pracujących z podwyższonymi prędkościami obwodowymi / _cKazimierz Woźniak, Daniela Herman. |
||
| 260 | _c1983. | ||
| 500 | _aDane z autopsji. | ||
| 520 | _aW artykule omówiono naprężenia w pracujących ściernicach, a prędkość obwodowa. Przeprowadzono analizę kryteriów doboru spoiw ceramicznych do węglika krzemu i elektrokorundów. Przedstawiono wpływ składu tlenkowego i surowcowego spoiw na mikrotwardość i wytrzymałość mechaniczną. Omówiono reaktywność spoiw w stosunku do materiałów ściernych oraz spoiwa dewitryfikacyjne. Przeanalizowano parametry obróbki termicznej, a krystalizacja spoiw i ich wytrzymałość mechaniczna. | ||
| 650 | 0 | _aCeramika. | |
| 650 | 0 | _aŚciernica | |
| 700 |
_aHERMAN, Daniela. _d1974 - 1996. _bWyższa Szkoła Inżynierska w Koszalinie - Instytut Inżynierii Materiałowej, _cZakład Chemii Fizycznej |
||
| 773 |
_iW : _tSzkło i Ceramika. - _g1983, R. 34, nr 1, s. 28-34 |
||
| 942 |
_cART _2UKD |
||
| 999 |
_c3191 _d3191 |
||